000 00851nam a22002417a 4500
003 BUBTL
008 230126b ||||| |||| 00| 0 eng d
020 _a9780521157049
082 _a418.0071/ T597m/ 2011
100 _94708
_a Tomlinson, Brian
245 _aMaterials Development in Language Teaching /
_cBrian Tomlinson
250 _a2nd Edn
260 _aCambridge:
_bCambridge University Press,
_cc2011
300 _axix, 451 p.:
_c22 cm.
440 _91999
_aCambridge Language Teaching Library
500 _aIncludes Index
505 _aMaterials Development in Language Teaching, Language Teaching, Brian Tomlinson, English, English Language, Cambridge Language Teaching Library
650 0 _9194
_aEnglish Language
650 0 _93550
_aEnglish
856 _k0
_l0
_yDownload
942 _2ddc
_cBK
999 _c6938
_d6938